Stroje a zariadenia v poľnohospodárstve za rok 1993

Uložené v:
Podrobná bibliografia
Médium: Kniha
Jazyk:Slovak
Vydavateľské údaje: Bratislava Štatistický úrad SR 1994
Edícia:Štatistické čísla a grafy
Predmet:
Tagy: Pridať tag
Žiadne tagy, Buďte prvý, kto otaguje tento záznam!

MARC

LEADER 00000nam a2200000 4500
001 c005277
005 20260122112054.8
041 0 |a slo 
044 |a SK 
245 1 0 |a Stroje a zariadenia v poľnohospodárstve za rok 1993 
264 1 |a Bratislava  |b Štatistický úrad SR  |c 1994 
300 |a 36 s. 
490 1 |a Štatistické čísla a grafy 
830 0 |a Štatistické čísla a grafy 
610 2 0 |a Slovensko 
610 2 0 |a poľnohospodárstvo 
610 2 0 |a technika poľnohospodárska 
610 2 0 |a stroje poľnohospodárske 
610 2 0 |a sklady